Dohány-Termesztésröl Való Rövid Oktatás Melly A' Nemes Magyar-Haza, -És Galítziabéli Dohány - Termesztók Kedvekért Ki-Botsátatot

Bibliographic Details
Corporate Author: Pesti Királi Fö Oskolák (Budapešť, Maďarsko) (Printer)
Format: Book
Language:Hungarian
PhysicalDescription:63 s. 16 cm
Published: Budán A' Pesti Királi Fö Oskolák betüivel 1790dik Esztendöben
Subjects:

MARC

LEADER 00000nam a2200000 a 4500
001 vtls012065577
003 SK-MaSNL
005 20260302084819.0
008 230421s1790 hu a 0 0n0 hun
015 |a SNBHFA 
035 |a urn:nbn:sk:snk-am00iesf 
035 |a E574D265-FE58-4149-A7F9-884C7F1EE023 
040 |a SNKHFA  |b slo  |c SNKHFA  |e AACR2 
041 0 |a hun 
044 |a xo  |c SK 
072 7 |a 663  |x Priemysel nápojov. Kvasný priemysel. Priemysel pochutín  |2 konspekt 
080 |a 663.971/.973  |2 2011 
130 0 |a Dohány-Termesztésröl  |9 754438 
245 1 0 |a Dohány-Termesztésröl Való Rövid Oktatás  |b Melly A' Nemes Magyar-Haza, -És Galítziabéli Dohány - Termesztók Kedvekért Ki-Botsátatot 
260 |a Budán  |b A' Pesti Királi Fö Oskolák betüivel  |c 1790dik Esztendöben 
300 |a 63 s.  |c 16 cm 
500 |a Titulná strana s vinetou. Typografické ozdoby. Zložky. Kustody 
501 |a Prív. 2. k: HÁZI Kertész. Posonyban és Pesten : Füskúti Landerer Mihály, 1796.  |5 SNK SD 40292, prív.2 
504 |a Úvod 
650 0 7 |a tabak  |2 SNKPH  |9 4249 
710 2 |a Pesti Királi Fö Oskolák (Budapešť, Maďarsko)  |4 prt  |9 754439 
752 |a Maďarsko  |d Budapešť 
852 |a Slovenská národná knižnica  |b Historické fondy 
852 |a snk  |p SD 40292/prív.2 
958 |a ONDV 
958 |a DD 
999 |c 1189367  |d 1191297 
952 |a SNK  |b SNK  |y PREZ  |7 0  |p 17A1397773  |o snkSD 40292/prív.2  |i snkK 2493/72  |8 3  |0 0  |1 0  |4 0  |d 2021-08-16  |f 1  |l 0  |r 2026-02-24 22:07:10  |w 2026-02-24